00510nam a2200181Ia 450000500170000000800410001704000190005804100120007708200140008910000160010324500450011925000120016426000290017630000290020550400500023465000340028485000100031820230706153927.0131103s9999 xx 000 0 und d aLoreto College aEnglish a950 bHAL aHall,D.G.E. 2aA History of South-East AsiacD.G.E.Hall a3rd ed. aLondonbMacmillan c1998 axxiv,1019 p.b ill.,maps aIncludes bibliographical references and index aAsia (South - East) - History aLCLIB